England Cricket Captains Since World War II - Statistics

General Stats
  • This quiz has been taken 1,612 times
  • The average score is 20 of 42
Answer Stats
Seasons Tests Captain % Correct
2010-date 38 Alistair Cook
96%
1980-81 12 Ian Botham
93%
2006-12 50 Andrew Strauss
89%
1999-2003 45 Nasser Hussain
87%
2003-08 51 Michael Vaughan
84%
1993-2001 54 Mike Atherton
84%
1982-89 32 David Gower
82%
1988-93 34 Graham Gooch
81%
2006-07 11 Andrew Flintoff
79%
2008-09 3 Kevin Pietersen
79%
1992-2001 15 Alec Stewart
72%
1977-78 4 Geoff Boycott
70%
1986-88 23 Mike Gatting
70%
1977-81 31 Mike Brearley
67%
1982-84 18 Bob Willis
66%
1988 1 Chris Cowdrey
60%
1959-69 27 Colin Cowdrey
60%
1952-55 23 Len Hutton
53%
1969-73 31 Ray Illingworth
52%
1975-77 14 Tony Greig
52%
2004-06 2 Marcus Trescothick
51%
1963-66 25 Mike Smith
47%
1989-91 3 Allan Lamb
43%
1955-61 41 Peter May
41%
1999 1 Mark Butcher
38%
1961-64 30 Ted Dexter
38%
1974-75 1 John Edrich
37%
1973-75 19 Mike Denness
36%
1946-47 8 Wally Hammond
35%
1988 2 John Emburey
33%
1966-67 7 Brian Close
28%
1981-82 7 Keith Fletcher
27%
1968 1 Tom Graveney
23%
1972-73 8 Tony Lewis
22%
1949-51 15 Freddie Brown
13%
1946-50 14 Norman Yardley
9%
1954 2 David Sheppard
7%
1947-48 3 Gubby Allen
7%
1951-52 1 Donald Carr
3%
1948-49 7 George Mann
3%
1951-52 4 Nigel Howard
3%
1947-48 1 Ken Cranston
2%
No matching quizzes found
Score Distribution
Percent of People with Each Score
Percentile by Number Answered
Your Score History
You have not taken this quiz